| 000 | 00371nam a22001577a 4500 | ||
|---|---|---|---|
| 003 | OSt | ||
| 005 | 20240315141512.0 | ||
| 008 | 171123b xxu||||| |||| 00| 0 eng d | ||
| 020 | _a978-1260153590 | ||
| 040 | _cSEROSOFT | ||
| 100 | _aROSS,JORDON | ||
| 245 | _aFUNDAMENTALS OF CORPORATE. | ||
| 260 |
_aDELHI _bMC GRAW HILL _c2012 |
||
| 300 | _a882 | ||
| 942 |
_2ddc _c01 _e9TH |
||
| 999 |
_c40925 _d40925 |
||